01353nam a2200277 a 4500001001000000003000400010005001700014008004100031040002500072082003000097100004700127245006600174246002600240250001200266260008800278300002200366590002600388650002800414650003100442910003700473942001400510952012500524952020600649952020300855999001701058000032180OSt20240412074255.0110713s1944 dr r 000 p spa d aDO-SdBNPbspacBNPHU 4aRD861.42bM843d, 19442221 aMoreno Jimenes, Domingo,d1894-198691953410aDos tercios del diario de la aldea /cDomingo Moreno Jimenes.14aEl diario de la aldea a3a. ed. aSantiago de los Caballeros, República Dominicana :bLibrería Dominicana,c1944. a[24] p. ;c14 cm. aInventariado, 2018/BT 0aPoesía dominicana966 0aLiteratura dominicana.967 aValidado. Control de calidad MFF 2ddccLBS1 00102ddc51728RVaGRbGRcHDd2011-07-13iLF1l0oRD861.42 M843d, 1944p32180-20r2020-06-25te.2w2020-06-25y1 001050718RVaGRbGRcHDd2011-07-13iLF2l0oRD861.42 M843d, 1944p32180-10r2020-06-25w2020-06-25y1zPerteneció a la biblioteca personal de Martínez Boog. Dedicado por el autor.ZNo se presta 001054708RVaGRbGRcHDd2018-08-24iLF2l0oRD861.42 M843d, 1944p32180-30r2020-06-25te.3w2020-06-25y4zPerteneció a la biblioteca personal de Carlos Larrazabal Blanco.ZPréstamo en sala c31671d31671